| 000 | 00955nam a22002417a 4500 | ||
|---|---|---|---|
| 005 | 20081106161657.0 | ||
| 008 | 081106t xxu||||| |||| 00| 0 ur d | ||
| 010 | _aUR-7229 | ||
| 020 |
_c200.00 _a8188413402 |
||
| 035 | _aU-5796 | ||
| 037 | _bD.B.Act/pub | ||
| 082 | _a841 | ||
| 100 | _aرحيم اللہ شاد | ||
| 245 |
_aخواب و خيال _cرحيم اللہ شاد _bشعر ی مجمعوعہ |
||
| 246 |
_aKhwab-0- Khayal _bby Rahimullah Shad |
||
| 260 |
_aنئ دھلی _bايم آر پبليکيشنز _c2006 |
||
| 270 |
_a2652/55،پہلی منزل کوچہ چيلان دريا گنج _bنئ دھلی _e110002 _k9810784549 _maddus26@hotmail.com |
||
| 300 |
_a183p _c22cm/Hb |
||
| 650 | _aشعری مجمعوعہ | ||
| 650 | _aUrdu Poetry | ||
| 942 |
_adpl _cUR _2ddc _h841 _mر ح ی |
||
| 999 |
_c2592 _d2592 |
||